<?xml version="1.0" encoding="UTF-8"?><?xml-stylesheet type="text/xsl" href="static/style.xsl"?><OAI-PMH xmlns="http://www.openarchives.org/OAI/2.0/" xmlns:xsi="http://www.w3.org/2001/XMLSchema-instance" xsi:schemaLocation="http://www.openarchives.org/OAI/2.0/ http://www.openarchives.org/OAI/2.0/OAI-PMH.xsd"><responseDate>2026-05-14T02:13:57Z</responseDate><request verb="GetRecord" identifier="oai:riubu.ubu.es:10259/9599" metadataPrefix="marc">https://riubu.ubu.es/oai/request</request><GetRecord><record><header><identifier>oai:riubu.ubu.es:10259/9599</identifier><datestamp>2024-10-18T10:09:08Z</datestamp><setSpec>com_10259.4_104</setSpec><setSpec>com_10259_2604</setSpec><setSpec>col_10259_9470</setSpec></header><metadata><record xmlns="http://www.loc.gov/MARC21/slim" xmlns:doc="http://www.lyncode.com/xoai" xmlns:xsi="http://www.w3.org/2001/XMLSchema-instance" xmlns:dcterms="http://purl.org/dc/terms/" xsi:schemaLocation="http://www.loc.gov/MARC21/slim http://www.loc.gov/standards/marcxml/schema/MARC21slim.xsd">
<leader>00925njm 22002777a 4500</leader>
<datafield tag="042" ind1=" " ind2=" ">
<subfield code="a">dc</subfield>
</datafield>
<datafield tag="720" ind1=" " ind2=" ">
<subfield code="a">López Lucas, Jesús</subfield>
<subfield code="e">author</subfield>
</datafield>
<datafield tag="260" ind1=" " ind2=" ">
<subfield code="c">2024-10-10</subfield>
</datafield>
<datafield tag="520" ind1=" " ind2=" ">
<subfield code="a">La actividad trata de proporcionar ideas a los profesores de diferentes asignaturas del Grado en Psicología y de másteres relacionados para realizar actividades que les proporciones competencias informacionales para la búsqueda, la cita y la referencias bibliográfica. Las actividades están pensadas para utilizar el catálogo de la biblioteca, la consulta de la bibliografía en leganto, los repositorios institucionales Gredos y Dialnet, las bases de datos especializadas en psicología del distribuidor EBSCO como son PsycINFO, PsycArticles, PsycBooks, PsycTherapy, PSICODOC, PubMed y MEDLINE. Finalmente les animamos a consultar los índices de citas Web of Science y Scopus para conocer los artículos y autores más relevantes en un tema propuesto a nivel internacional y nacional. Todas los resultados de las diferentes actividades de búsqueda pueden organizarse con el gestor bibliográfico Zotero para citar y referenciar.</subfield>
</datafield>
<datafield tag="024" ind2=" " ind1="8">
<subfield code="a">http://hdl.handle.net/10259/9599</subfield>
</datafield>
<datafield ind1=" " ind2=" " tag="653">
<subfield code="a">Formación de usuarios</subfield>
</datafield>
<datafield ind1=" " ind2=" " tag="653">
<subfield code="a">Docentes</subfield>
</datafield>
<datafield ind1=" " ind2=" " tag="653">
<subfield code="a">Competencias informacionales</subfield>
</datafield>
<datafield ind1=" " ind2=" " tag="653">
<subfield code="a">Psicología</subfield>
</datafield>
<datafield tag="245" ind1="0" ind2="0">
<subfield code="a">Actividades prácticas para docentes sobre competencias informacionales para alumnos de Psicología (USAL)</subfield>
</datafield>
</record></metadata></record></GetRecord></OAI-PMH>